Statistics for South American Capitals Without First or Last Letters Quiz

Click here to take the quiz!

General Stats

  • This quiz has been taken 28 times
  • The average score is 12 of 13

Answer Stats

South American Capitals Without First or Last LettersFull South American Capitals (and Countries)% Correct
ogotBogotá (Colombia)
100%
rasiliBrasilia (Brazil)
100%
eorgetowGeorgetown (Guyana)
100%
antiagSantiago (Chile)
100%
suncióAsunción (Paraguay)
96%
ueno ireBuenos Aires (Argentina)
96%
aracaCaracas (Venezuela)
96%
imLima (Peru)
96%
ontevideMontevideo (Uruguay)
96%
uitQuito (Ecuador)
93%
* a | ucrLa Paz (Bolivia)
89%
aramaribParamaribo (Suriname)
89%
* a | ucrSucre (Bolivia)
89%

Score Distribution

Percentile by Number Answered

Percent of People with Each Score

Your Score History

You have not taken this quiz